000 00778nam a2200253Ia 4500
003 OSt
005 20221005033930.0
006 a|||||r|||| 00| 0
007 ta
008 221004b |||||||| |||| 00| 0 eng d
020 _a9788178541716
_c552.5
024 _a102980
037 _b382, 25/12/2009, Eastern Book Linkers
_cTextual
040 _aCRL
_cCRL
_beng
041 _2eng
_aeng
082 _aO15,1N36,AJ, P9
100 _aDixit Harinarayana
_9421348
245 0 _aAjmohanmangnam
_b Khand kavyam
260 _aDelhi
_bEastern Book Linkers India
_c2009
300 _axxii,305p.
_ccm.
650 _aENGLISH LITERATURE
942 _hO15,1N36,AJ, P9
_cTEXL
_2cc
999 _c942311
_d942311